Youtubeurs français en images - D - Statistiques

Statistiques générales
  • Ce quiz a été pris 329 fois
    310 depuis la dernière actualisation
  • Le résultat moyen est 5 sur 16
Statistiques - réponses
Par images Réponse % Correct
Doigby
88%
Dr Nozman
83%
DavidLafargePokemon
74%
Daniil le Russe
67%
Deo toons
42%
Doc seven
41%
DiGiDiX
31%
DidiChandouidoui
27%
DENYZEE
10%
Defakator
5%
Durendal
5%
Diable Positif
4%
Danfield
2%
Dirty Tommy
1%
Draw my economy
1%
DRYXIO
0%
Aucun quiz correspondant
Distribution des résultats
% des personnes avec chaque résultat
Percentile par nombre de réponses
Votre historique - résultats
Vous n’avez pas pris ce quiz depuis la dernière actualisation